000 00496cam a2200205ua 4500
001 11260
005 20260515114730.0
008 190905n ii |||gr||||Z||||||eng
020 _a9789386668035
040 _cMAIN
041 _aeng
082 _a330.01
100 _aN Gregory Mankiw,
_eAuthor.
245 _aPrinciples of economics
_cBy N Gredory Mankiw
250 _a1st rep.
260 _aNew Delhi:
_bCengage learning,
_c2018.
300 _a847p.
653 _aEconomics
942 _cBK
999 _c10110
_d10110